2026/27 EFL League One Teams - Statistics

General Stats
  • This quiz has been taken 11 times
  • The average score is 11 of 20
Answer Stats
Club % Correct
Leicester City
100%
Sheffield Wednesday
89%
Oxford United
78%
Barnsley
67%
Plymouth Argyle
67%
Milton Keynes Dons
56%
Peterborough United
56%
Reading
56%
Wigan Athletic
56%
AFC Wimbledon
44%
Blackpool
44%
Bromley
44%
Cambridge United
44%
Huddersfield Town
44%
Luton Town
44%
Mansfield Town
44%
Wycombe Wanderers
44%
Burton Albion
33%
Doncaster Rovers
33%
Leyton Orient
33%
No matching quizzes found
Score Distribution
Percent of People with Each Score
Percentile by Number Answered
Your Score History
You have not taken this quiz